Superheroes on Broadway Quiz Stats

 Plays Quiz not verified by Sporcle

Score 0/20 Timer 08:00
4 Plays Today
% Correct
Joseph and the Amazing Spider-Man
79.1%
The Lion Thing
77.2%
Hamiltony Stark
75.7%
Catwomen
75.2%
Sound of Mystique
74.1%
Woliverine!
74%
Kinky Groots
73.8%
Flashdance
71.9%
Magneto Mia!
71.1%
Beauty and the Beast
70.9%
% Correct
Hulkahoma!
70.8%
West Side Storm
69.8%
Saturday Nightwing Fever
69.3%
The Quinn and I
68.9%
Kent!
68.1%
Avenue X
67.6%
Crazy Thor You
65.4%
Phantman of the Opera
65.4%
We Will Rogers You
60.9%
Kiss me, Wade
58%

You're not logged in!

Compare scores with friends on all Sporcle quizzes.
OR
Log In

Show Comments

Extras

Top Quizzes Today


Score Distribution

Your Account Isn't Verified!

In order to create a playlist on Sporcle, you need to verify the email address you used during registration. Go to your Sporcle Settings to finish the process.

Report this User

Report this user for behavior that violates our Community Guidelines.

Details: